[Event "EWIRCC 2019"]
[Site "Monte-Carlo"]
[Date "2019.12.01"]
[Round "8.3"]
[White "Kosteniuk, Alexandra"]
[Black "Muzychuk, Mariya"]
[Result "1-0"]
[WhiteElo "2483"]
[BlackElo "2552"]
[Annotator "ChessBase"]
[PlyCount "97"]
[EventDate "2019.11.28"]
[EventType "swiss"]
[EventCountry "MNC"]
[SourceTitle "playchess.com"]
[Source "ChessBase"]
[SourceQuality "1"]
[TimeControl "5400+30"]

1. e4 {[%emt 1:15:12]} c5 {[%emt 1:15:10]} 2. c3 {[%emt 0:00:21]} Nf6 {[%emt 0:00:39]} 3. e5 {[%emt 0:00:22]} Nd5 {[%emt 0:00:21]} 4. Nf3 {[%emt 0:00:21]} d6 {[%emt 0:00:22]} 5. Bc4 {[%emt 0:00:52]} dxe5 {[%emt 0:00:52]} 6. Nxe5 {[%emt 0:00:39]} Qd6 {[%emt 0:00:49]} 7. d4 {[%emt 0:00:27]} Be6 {[%emt 0:01:15]} 8. O-O {[%emt 0:02:34]} cxd4 {[%emt 0:00:56]} 9. Qxd4 {[%emt 0:00:52]} Nc6 {[%emt 0:01:15]} 10. Nxc6 {[%emt 0:00:23]} Qxc6 {[%emt 0:00:52]} 11. Bb3 {[%emt 0:01:38]} Nc7 {[%emt 0:00:45]} 12. c4 {[%emt 0:01:27]} Qd7 {[%emt 0:03:10]} 13. Qe3 {[%emt 0:00:42]} b6 {[%emt 0:03:38]} 14. Qf3 {[%emt 0:03:26]} O-O-O {[%emt 0:00:58]} 15. Nc3 {[%emt 0:01:41]} Qd3 {[%emt 0:02:20]} 16. Be3 {[%emt 0:00:43]} Qf5 {[%emt 0:00:22]} 17. Qxf5 {[%emt 0:01:02]} Bxf5 {[%emt 0:00:21]} 18. c5 {[%emt 0:00:20]} bxc5 {[%emt 0:00:49]} 19. Bxc5 {[%emt 0:00:22]} Kb8 {[%emt 0:00:47]} 20. Bxf7 {[%emt 0:00:30]} e6 {[%emt 0:00:35]} 21. Bxf8 {[%emt 0:01:19]} Rhxf8 {[%emt 0:00:21]} 22. Bh5 {[%emt 0:00:22]} Rd2 {[%emt 0:00:30]} 23. b3 {[%emt 0:01:35]} Bd3 {[%emt 0:00:55]} 24. Rad1 {[%emt 0:00:26]} Rxd1 {[%emt 0:01:10]} 25. Rxd1 {[%emt 0:00:21]} Bf5 {[%emt 0:00:31]} 26. Bf3 {[%emt 0:00:24]} e5 {[%emt 0:00:27]} 27. Kf1 {[%emt 0:01:35]} Ne6 {[%emt 0:00:51]} 28. Rd5 {[%emt 0:00:23]} Nd4 {[%emt 0:00:27]} 29. Ne4 {[%emt 0:01:59]} Nxf3 {[%emt 0:01:42]} 30. gxf3 {[%emt 0:00:22]} Bh3+ {[%emt 0:00:22]} 31. Ke2 {[%emt 0:00:24]} Bg2 {[%emt 0:00:31]} 32. Nd2 {[%emt 0:00:26]} Rf5 {[%emt 0:00:29]} 33. Rd7 {[%emt 0:00:25]} Rg5 {[%emt 0:00:31]} 34. h4 {[%emt 0:00:46]} Rg6 {[%emt 0:00:28]} 35. Re7 {[%emt 0:00:25]} Ra6 {[%emt 0:00:45]} 36. a4 {[%emt 0:00:22]} Rh6 {[%emt 0:00:33]} 37. Rxg7 {[%emt 0:00:39]} Bh3 {[%emt 0:00:23]} 38. Ne4 {[%emt 0:00:27]} Rxh4 {[%emt 0:00:31]} 39. a5 {[%emt 0:00:32]} Be6 {[%emt 0:00:34]} 40. Nc5 {[%emt 0:00:29]} Bd5 {[%emt 0:00:29]} 41. Nd7+ {[%emt 0:00:40]} Ka8 {[%emt 0:01:12]} 42. Re7 {[%emt 0:00:25]} Bxb3 {[%emt 0:00:30]} 43. Re8+ {[%emt 0:00:22]} Kb7 {[%emt 0:00:21]} 44. Nc5+ {[%emt 0:00:21]} Kc6 {[%emt 0:00:23]} 45. Nxb3 {[%emt 0:00:21]} Rb4 {[%emt 0:00:22]} 46. Nd2 {[%emt 0:00:25]} Rb5 {[%emt 0:00:21]} 47. Nc4 {[%emt 0:00:27]} Rc5 {[%emt 0:00:21]} 48. Nxe5+ {[%emt 0:00:25]} Kb5 {[%emt 0:00:21]} 49. f4 {[%emt 0:00:23]} 1-0

[Event "EWIRCC 2019"]
[Site "Monte-Carlo"]
[Date "2019.12.01"]
[Round "8.4"]
[White "Sebag, Marie"]
[Black "Stefanova, Antoaneta"]
[Result "0-1"]
[WhiteElo "2443"]
[BlackElo "2481"]
[Annotator "ChessBase"]
[PlyCount "80"]
[EventDate "2019.11.28"]
[EventType "swiss"]
[EventCountry "MNC"]
[SourceTitle "playchess.com"]
[Source "ChessBase"]
[SourceQuality "1"]
[TimeControl "5400+30"]

1. e4 {[%emt 1:15:11]} e5 {[%emt 1:15:11]} 2. Nf3 {[%emt 0:00:22]} Nc6 {[%emt 0:00:21]} 3. Bb5 {[%emt 0:00:21]} a6 {[%emt 0:00:21]} 4. Ba4 {[%emt 0:00:22]} Nf6 {[%emt 0:00:26]} 5. O-O {[%emt 0:00:23]} Bc5 {[%emt 0:00:26]} 6. d3 {[%emt 0:01:39]} b5 {[%emt 0:01:08]} 7. Bb3 {[%emt 0:00:21]} d6 {[%emt 0:00:25]} 8. c3 {[%emt 0:00:44]} O-O {[%emt 0:01:04]} 9. Nbd2 {[%emt 0:00:26]} Bb6 {[%emt 0:01:02]} 10. h3 {[%emt 0:00:35]} Ne7 {[%emt 0:00:38]} 11. Re1 {[%emt 0:00:28]} Ng6 {[%emt 0:00:24]} 12. Nf1 {[%emt 0:00:22]} h6 {[%emt 0:00:52]} 13. Ng3 {[%emt 0:00:31]} Re8 {[%emt 0:00:24]} 14. Be3 {[%emt 0:02:39]} Bxe3 {[%emt 0:00:29]} 15. fxe3 {[%emt 0:00:22]} d5 {[%emt 0:00:48]} 16. exd5 {[%emt 0:02:22]} Nxd5 {[%emt 0:00:22]} 17. Nd2 {[%emt 0:02:49]} Be6 {[%emt 0:01:02]} 18. Nde4 {[%emt 0:00:30]} Nf6 {[%emt 0:01:56]} 19. Bxe6 {[%emt 0:02:34]} Rxe6 {[%emt 0:00:22]} 20. d4 {[%emt 0:00:30]} Nxe4 {[%emt 0:03:40]} 21. Nxe4 {[%emt 0:00:22]} Nh4 {[%emt 0:00:23]} 22. Re2 {[%emt 0:02:47]} Rg6 {[%emt 0:04:22]} 23. Qb3 {[%emt 0:01:43]} Qd7 {[%emt 0:00:54]} 24. Rf1 {[%emt 0:00:42]} Rf8 {[%emt 0:00:27]} 25. Kh2 {[%emt 0:00:51]} Kh7 {[%emt 0:02:57]} 26. Ref2 {[%emt 0:00:45]} f5 {[%emt 0:00:27]} 27. g3 {[%emt 0:00:49]} exd4 {[%emt 0:00:52]} 28. exd4 {[%emt 0:01:55]} Re8 {[%emt 0:00:37]} 29. Rf4 {[%emt 0:00:49]} Rxe4 {[%emt 0:01:13]} 30. Rxe4 {[%emt 0:00:26]} fxe4 {[%emt 0:00:24]} 31. Rf8 {[%emt 0:00:21]} Nf3+ {[%emt 0:01:00]} 32. Kg2 {[%emt 0:00:21]} Qe6 {[%emt 0:00:34]} 33. Qxe6 {[%emt 0:00:48]} Rxe6 {[%emt 0:00:21]} 34. Kf2 {[%emt 0:00:20]} e3+ {[%emt 0:00:35]} 35. Ke2 {[%emt 0:00:21]} Ng1+ {[%emt 0:00:21]} 36. Ke1 {[%emt 0:00:21]} Nxh3 {[%emt 0:00:23]} 37. b3 {[%emt 0:00:26]} Ng5 {[%emt 0:00:26]} 38. c4 {[%emt 0:00:24]} bxc4 {[%emt 0:00:24]} 39. bxc4 {[%emt 0:00:21]} Re4 {[%emt 0:00:22]} 40. Rd8 {[%emt 0:00:22]} Nf3+ {[%emt 0:00:38]} 0-1

[Event "EWIRCC 2019"]
[Site "Monte-Carlo"]
[Date "2019.12.01"]
[Round "8.5"]
[White "Gaponenko, Inna"]
[Black "Muzychuk, Anna"]
[Result "1/2-1/2"]
[WhiteElo "2427"]
[BlackElo "2543"]
[Annotator "ChessBase"]
[PlyCount "55"]
[EventDate "2019.11.28"]
[EventType "swiss"]
[EventCountry "MNC"]
[SourceTitle "playchess.com"]
[Source "ChessBase"]
[SourceQuality "1"]
[TimeControl "5400+30"]

1. e4 {[%emt 1:15:11]} e5 {[%emt 1:15:11]} 2. Nf3 {[%emt 0:00:21]} Nc6 {[%emt 0:00:20]} 3. Bb5 {[%emt 0:00:21]} g6 {[%emt 0:00:24]} 4. d4 {[%emt 0:01:36]} exd4 {[%emt 0:00:26]} 5. Bg5 {[%emt 0:00:22]} Be7 {[%emt 0:00:25]} 6. Bxe7 {[%emt 0:00:22]} Qxe7 {[%emt 0:00:27]} 7. Bxc6 {[%emt 0:00:21]} dxc6 {[%emt 0:00:30]} 8. Qxd4 {[%emt 0:00:22]} Nf6 {[%emt 0:00:49]} 9. Nc3 {[%emt 0:00:40]} Bg4 {[%emt 0:01:27]} 10. Nd2 {[%emt 0:00:22]} c5 {[%emt 0:00:51]} 11. Qe3 {[%emt 0:00:21]} O-O-O {[%emt 0:00:40]} 12. h3 {[%emt 0:00:34]} Be6 {[%emt 0:00:41]} 13. O-O-O {[%emt 0:00:23]} h5 {[%emt 0:00:43]} 14. Qg5 {[%emt 0:08:24]} Rhe8 {[%emt 0:04:30]} 15. Nf3 {[%emt 0:00:29]} Rxd1+ {[%emt 0:01:25]} 16. Rxd1 {[%emt 0:00:22]} Bd7 {[%emt 0:00:48]} 17. e5 {[%emt 0:01:53]} Nh7 {[%emt 0:00:21]} 18. Qxe7 {[%emt 0:03:43]} Rxe7 {[%emt 0:00:21]} 19. Nd5 {[%emt 0:00:21]} Re8 {[%emt 0:00:37]} 20. c4 {[%emt 0:00:48]} Bc6 {[%emt 0:03:27]} 21. b3 {[%emt 0:01:41]} b6 {[%emt 0:01:29]} 22. Kc2 {[%emt 0:00:24]} Nf8 {[%emt 0:00:55]} 23. Ng5 {[%emt 0:00:57]} Rxe5 {[%emt 0:02:32]} 24. Nxf7 {[%emt 0:00:22]} Re8 {[%emt 0:00:42]} 25. Ng5 {[%emt 0:01:20]} Re5 {[%emt 0:01:02]} 26. Nf7 {[%emt 0:00:27]} Re8 {[%emt 0:01:09]} 27. Ng5 {[%emt 0:00:21]} Re5 {[%emt 0:00:22]} 28. Nf7 {[%emt 0:00:22]} 1/2-1/2

[Event "EWIRCC 2019"]
[Site "Monte-Carlo"]
[Date "2019.12.01"]
[Round "8.6"]
[White "Zhukova, Natalia"]
[Black "Gunina, Valentina"]
[Result "1-0"]
[WhiteElo "2323"]
[BlackElo "2509"]
[Annotator "ChessBase"]
[PlyCount "67"]
[EventDate "2019.11.28"]
[EventType "swiss"]
[EventCountry "MNC"]
[SourceTitle "playchess.com"]
[Source "ChessBase"]
[SourceQuality "1"]
[TimeControl "5400+30"]

1. c4 {[%emt 1:15:11]} Nf6 {[%emt 1:15:12]} 2. Nc3 {[%emt 0:00:22]} e5 {[%emt 0:00:25]} 3. Nf3 {[%emt 0:00:21]} Nc6 {[%emt 0:00:23]} 4. e4 {[%emt 0:00:33]} Bb4 {[%emt 0:00:22]} 5. d3 {[%emt 0:00:21]} d6 {[%emt 0:00:23]} 6. a3 {[%emt 0:00:32]} Bxc3+ {[%emt 0:00:22]} 7. bxc3 {[%emt 0:00:21]} h6 {[%emt 0:00:21]} 8. g3 {[%emt 0:00:26]} O-O {[%emt 0:00:27]} 9. Bg2 {[%emt 0:00:21]} Nh7 {[%emt 0:00:22]} 10. O-O {[%emt 0:00:35]} f5 {[%emt 0:00:26]} 11. exf5 {[%emt 0:00:27]} Bxf5 {[%emt 0:00:22]} 12. Nh4 {[%emt 0:00:36]} Be6 {[%emt 0:00:33]} 13. f4 {[%emt 0:04:35]} exf4 {[%emt 0:00:43]} 14. Ng6 {[%emt 0:00:22]} f3 {[%emt 0:02:34]} 15. Bxf3 {[%emt 0:01:47]} Rf6 {[%emt 0:01:14]} 16. Nf4 {[%emt 0:00:25]} Ng5 {[%emt 0:01:03]} 17. Bg2 {[%emt 0:00:55]} Qd7 {[%emt 0:01:15]} 18. Nxe6 {[%emt 0:00:29]} Rxf1+ {[%emt 0:00:34]} 19. Qxf1 {[%emt 0:00:21]} Nxe6 {[%emt 0:00:22]} 20. d4 {[%emt 0:01:22]} Rf8 {[%emt 0:01:21]} 21. Qe2 {[%emt 0:01:30]} Ne7 {[%emt 0:01:37]} 22. Bd2 {[%emt 0:02:15]} Nd8 {[%emt 0:05:01]} 23. Re1 {[%emt 0:00:27]} Rf7 {[%emt 0:01:35]} 24. Qh5 {[%emt 0:00:50]} Qe8 {[%emt 0:02:15]} 25. Bd5 {[%emt 0:01:02]} Qf8 {[%emt 0:00:21]} 26. Bxf7+ {[%emt 0:00:33]} Qxf7 {[%emt 0:00:59]} 27. Qg4 {[%emt 0:01:44]} Nf5 {[%emt 0:01:59]} 28. Rf1 {[%emt 0:01:50]} g6 {[%emt 0:00:23]} 29. Bxh6 {[%emt 0:00:35]} Ne6 {[%emt 0:00:39]} 30. Bd2 {[%emt 0:00:27]} Neg7 {[%emt 0:00:38]} 31. d5 {[%emt 0:01:13]} c6 {[%emt 0:00:22]} 32. Qe4 {[%emt 0:00:35]} Qc7 {[%emt 0:00:55]} 33. g4 {[%emt 0:00:40]} Qb6+ {[%emt 0:00:47]} 34. Kh1 {[%emt 0:00:39]} 1-0

[Event "EWIRCC 2019"]
[Site "Monte-Carlo"]
[Date "2019.12.01"]
[Round "8.7"]
[White "Cramling, Pia"]
[Black "Bulmaga, Irina"]
[Result "1-0"]
[WhiteElo "2443"]
[BlackElo "2435"]
[Annotator "ChessBase"]
[PlyCount "75"]
[EventDate "2019.11.28"]
[EventType "swiss"]
[EventCountry "MNC"]
[SourceTitle "playchess.com"]
[Source "ChessBase"]
[SourceQuality "1"]
[TimeControl "5400+30"]

1. d4 {[%emt 1:15:11]} Nf6 {[%emt 1:15:12]} 2. Nf3 {[%emt 0:00:21]} e6 {[%emt 0:00:21]} 3. c4 {[%emt 0:00:21]} b6 {[%emt 0:00:22]} 4. g3 {[%emt 0:00:21]} Bb7 {[%emt 0:00:22]} 5. Bg2 {[%emt 0:00:21]} Bb4+ {[%emt 0:00:21]} 6. Bd2 {[%emt 0:00:24]} Be7 {[%emt 0:00:22]} 7. Nc3 {[%emt 0:00:36]} O-O {[%emt 0:00:23]} 8. Qc2 {[%emt 0:00:40]} c5 {[%emt 0:00:39]} 9. d5 {[%emt 0:01:05]} exd5 {[%emt 0:00:23]} 10. Ng5 {[%emt 0:02:02]} g6 {[%emt 0:00:53]} 11. h4 {[%emt 0:00:45]} Nc6 {[%emt 0:04:17]} 12. Nxd5 {[%emt 0:01:06]} Nd4 {[%emt 0:01:43]} 13. Qd3 {[%emt 0:01:51]} Nxd5 {[%emt 0:01:08]} 14. Bxd5 {[%emt 0:00:38]} Bxd5 {[%emt 0:00:44]} 15. cxd5 {[%emt 0:00:22]} Bf6 {[%emt 0:01:30]} 16. Kf1 {[%emt 0:02:37]} Re8 {[%emt 0:01:52]} 17. Re1 {[%emt 0:00:57]} h6 {[%emt 0:02:29]} 18. Ne4 {[%emt 0:02:30]} Bg7 {[%emt 0:00:21]} 19. Nd6 {[%emt 0:00:52]} Re5 {[%emt 0:01:06]} 20. e4 {[%emt 0:01:19]} Qf6 {[%emt 0:01:08]} 21. Nc4 {[%emt 0:00:40]} Ree8 {[%emt 0:01:11]} 22. Bc3 {[%emt 0:02:46]} b5 {[%emt 0:01:10]} 23. Nd2 {[%emt 0:00:41]} c4 {[%emt 0:01:35]} 24. Qe3 {[%emt 0:01:02]} Qb6 {[%emt 0:00:34]} 25. Kg2 {[%emt 0:03:02]} Nc2 {[%emt 0:02:24]} 26. Qf4 {[%emt 0:00:00]} Nxe1+ {[%emt 0:00:00]} 27. Rxe1 {[%emt 0:00:00]} Qc5 {[%emt 0:00:00]} 28. Re3 {[%emt 0:00:36]} Rf8 {[%emt 0:01:15]} 29. Nf3 {[%emt 0:00:47]} b4 {[%emt 0:00:34]} 30. Bxg7 {[%emt 0:00:26]} Kxg7 {[%emt 0:00:20]} 31. Ne5 {[%emt 0:00:29]} Rad8 {[%emt 0:00:34]} 32. Ng4 {[%emt 0:00:31]} Qd4 {[%emt 0:00:36]} 33. Qxh6+ {[%emt 0:00:30]} Kg8 {[%emt 0:00:20]} 34. Qg5 {[%emt 0:00:36]} f5 {[%emt 0:00:40]} 35. exf5 {[%emt 0:00:42]} Qxd5+ {[%emt 0:00:22]} 36. Kh2 {[%emt 0:00:27]} Qd4 {[%emt 0:00:37]} 37. Re7 {[%emt 0:00:37]} Rf7 {[%emt 0:00:31]} 38. Nh6+ {[%emt 0:00:25]} 1-0

[Event "EWIRCC 2019"]
[Site "Monte-Carlo"]
[Date "2019.12.01"]
[Round "8.8"]
[White "Berend, Elvira"]
[Black "Bodnaruk, Anastasia"]
[Result "1/2-1/2"]
[WhiteElo "2349"]
[BlackElo "2412"]
[Annotator "NA"]
[PlyCount "73"]
[EventDate "2019.11.28"]
[EventType "swiss"]
[EventCountry "MNC"]
[SourceTitle "playchess.com"]
[Source "ChessBase"]
[SourceQuality "1"]
[TimeControl "5400+30"]

1. d4 {[%emt 1:15:12]} Nf6 {[%emt 1:15:11]} 2. Nf3 {[%emt 0:00:22]} g6 {[%emt 0:00:21]} 3. g3 {[%emt 0:00:25]} Bg7 {[%emt 0:00:21]} 4. Bg2 {[%emt 0:00:22]} O-O {[%emt 0:00:22]} 5. O-O {[%emt 0:00:23]} d6 {[%emt 0:00:23]} 6. Nc3 {[%emt 0:00:23]} Nbd7 {[%emt 0:01:21]} 7. e4 {[%emt 0:00:39]} e5 {[%emt 0:00:23]} 8. h3 {[%emt 0:00:49]} exd4 {[%emt 0:00:58]} 9. Nxd4 {[%emt 0:00:22]} Re8 {[%emt 0:00:21]} 10. Re1 {[%emt 0:00:26]} Nc5 {[%emt 0:00:42]} 11. Nb3 {[%emt 0:00:38]} Nxb3 {[%emt 0:02:14]} 12. axb3 {[%emt 0:00:22]} Bd7 {[%emt 0:00:34]} 13. b4 {[%emt 0:01:08]} a6 {[%emt 0:00:28]} 14. Bf4 {[%emt 0:02:12]} Bc6 {[%emt 0:01:18]} 15. Qd2 {[%emt 0:00:29]} Nd7 {[%emt 0:01:49]} 16. Bg5 {[%emt 0:00:56]} Bf6 {[%emt 0:01:09]} 17. Bxf6 {[%emt 0:00:55]} Qxf6 {[%emt 0:00:26]} 18. f4 {[%emt 0:01:30]} Nb6 {[%emt 0:01:30]} 19. b3 {[%emt 0:00:21]} Rad8 {[%emt 0:00:57]} 20. Rad1 {[%emt 0:00:26]} h5 {[%emt 0:01:14]} 21. Rf1 {[%emt 0:01:12]} Kg7 {[%emt 0:01:28]} 22. Qd3 {[%emt 0:01:12]} d5 {[%emt 0:03:30]} 23. exd5 {[%emt 0:01:02]} Bxd5 {[%emt 0:00:38]} 24. Nxd5 {[%emt 0:01:54]} Nxd5 {[%emt 0:00:28]} 25. Bxd5 {[%emt 0:00:22]} c6 {[%emt 0:00:26]} 26. c4 {[%emt 0:00:25]} cxd5 {[%emt 0:01:36]} 27. cxd5 {[%emt 0:00:21]} Qb6+ {[%emt 0:00:24]} 28. Qd4+ {[%emt 0:00:23]} Qxd4+ {[%emt 0:00:22]} 29. Rxd4 {[%emt 0:00:21]} Re3 {[%emt 0:00:23]} 30. Kf2 {[%emt 0:01:23]} Rxb3 {[%emt 0:00:21]} 31. Rc1 {[%emt 0:00:22]} Rb2+ {[%emt 0:01:05]} 32. Kf3 {[%emt 0:00:23]} Rb3+ {[%emt 0:00:23]} 33. Kf2 {[%emt 0:00:24]} Rb2+ {[%emt 0:00:22]} 34. Kf3 {[%emt 0:00:32]} Rb3+ {[%emt 0:00:21]} 35. Kf2 {[%emt 0:00:26]} Rb2+ {[%emt 0:00:22]} 36. Kf3 {[%emt 0:00:23]} Rb3+ {[%emt 0:03:49]} 37. Ke4 {[%emt 0:09:05]} 1/2-1/2

[Event "EWIRCC 2019"]
[Site "Monte-Carlo"]
[Date "2019.12.01"]
[Round "8.9"]
[White "Paehtz, Elisabeth"]
[Black "Solozhenkina, Elizaveta"]
[Result "1-0"]
[WhiteElo "2484"]
[BlackElo "2314"]
[Annotator "ChessBase"]
[PlyCount "97"]
[EventDate "2019.11.28"]
[EventType "swiss"]
[EventCountry "MNC"]
[SourceTitle "playchess.com"]
[Source "ChessBase"]
[SourceQuality "1"]
[TimeControl "5400+30"]

1. d4 {[%emt 1:15:13]} Nf6 {[%emt 1:15:11]} 2. Nf3 {[%emt 0:00:21]} e6 {[%emt 0:00:23]} 3. Bf4 {[%emt 0:00:21]} d5 {[%emt 0:00:22]} 4. e3 {[%emt 0:00:21]} c5 {[%emt 0:00:22]} 5. Nbd2 {[%emt 0:00:22]} Nc6 {[%emt 0:00:25]} 6. c3 {[%emt 0:00:22]} Bd6 {[%emt 0:00:25]} 7. Bg3 {[%emt 0:00:21]} O-O {[%emt 0:00:23]} 8. Bd3 {[%emt 0:00:22]} b6 {[%emt 0:00:59]} 9. e4 {[%emt 0:00:24]} Be7 {[%emt 0:02:29]} 10. e5 {[%emt 0:00:21]} Nh5 {[%emt 0:00:21]} 11. a3 {[%emt 0:00:21]} a5 {[%emt 0:03:45]} 12. Qe2 {[%emt 0:00:21]} g6 {[%emt 0:00:48]} 13. Nf1 {[%emt 0:00:39]} f5 {[%emt 0:01:33]} 14. exf6 {[%emt 0:00:38]} Bxf6 {[%emt 0:00:34]} 15. Bb5 {[%emt 0:00:29]} Na7 {[%emt 0:00:59]} 16. Ba4 {[%emt 0:00:24]} cxd4 {[%emt 0:01:58]} 17. cxd4 {[%emt 0:00:47]} b5 {[%emt 0:00:21]} 18. Bc2 {[%emt 0:00:33]} Nc6 {[%emt 0:00:47]} 19. Rd1 {[%emt 0:00:21]} b4 {[%emt 0:01:22]} 20. a4 {[%emt 0:00:21]} Nxg3 {[%emt 0:01:08]} 21. hxg3 {[%emt 0:00:25]} Qb6 {[%emt 0:00:24]} 22. Qd2 {[%emt 0:04:21]} Ra7 {[%emt 0:00:30]} 23. Ne3 {[%emt 0:00:26]} b3 {[%emt 0:00:57]} 24. Bb1 {[%emt 0:00:38]} Ba6 {[%emt 0:01:04]} 25. Ng4 {[%emt 0:00:42]} Rc7 {[%emt 0:01:04]} 26. Bd3 {[%emt 0:04:15]} Nb4 {[%emt 0:00:52]} 27. Bxa6 {[%emt 0:01:08]} Qxa6 {[%emt 0:00:25]} 28. Qe2 {[%emt 0:01:46]} Rc2 {[%emt 0:01:25]} 29. Qxa6 {[%emt 0:00:33]} Nxa6 {[%emt 0:00:21]} 30. Rd2 {[%emt 0:00:24]} Rc1+ {[%emt 0:00:25]} 31. Rd1 {[%emt 0:00:21]} Rc2 {[%emt 0:00:20]} 32. O-O {[%emt 0:01:35]} Bg7 {[%emt 0:01:00]} 33. Rb1 {[%emt 0:01:32]} Nb4 {[%emt 0:00:48]} 34. Ne3 {[%emt 0:00:33]} Rc7 {[%emt 0:00:28]} 35. Rfd1 {[%emt 0:00:28]} Rfc8 {[%emt 0:00:36]} 36. Nf1 {[%emt 0:01:11]} Nc2 {[%emt 0:00:48]} 37. Rd3 {[%emt 0:00:27]} Rb8 {[%emt 0:01:16]} 38. N1d2 {[%emt 0:00:32]} Rb4 {[%emt 0:00:56]} 39. Nxb3 {[%emt 0:00:31]} Rxa4 {[%emt 0:00:30]} 40. Nc5 {[%emt 0:00:38]} Ra2 {[%emt 0:00:31]} 41. Nxe6 {[%emt 0:00:26]} Rb7 {[%emt 0:00:21]} 42. Rc3 {[%emt 0:01:27]} Raxb2 {[%emt 0:01:04]} 43. Rxb2 {[%emt 0:00:51]} Rxb2 {[%emt 0:00:22]} 44. Nfg5 {[%emt 0:00:21]} Rb1+ {[%emt 0:00:43]} 45. Kh2 {[%emt 0:00:21]} Rb8 {[%emt 0:00:28]} 46. Rxc2 {[%emt 0:00:22]} Bf6 {[%emt 0:00:26]} 47. Nf3 {[%emt 0:00:27]} a4 {[%emt 0:00:23]} 48. Ra2 {[%emt 0:00:25]} Ra8 {[%emt 0:00:31]} 49. Ra3 {[%emt 0:00:40]} 1-0

[Event "EWIRCC 2019"]
[Site "Monte-Carlo"]
[Date "2019.12.01"]
[Round "8.10"]
[White "Daulyte-Cornette, Deimante"]
[Black "Babiy, Olga"]
[Result "1-0"]
[WhiteElo "2405"]
[BlackElo "2249"]
[Annotator "ChessBase"]
[PlyCount "147"]
[EventDate "2019.11.28"]
[EventType "swiss"]
[EventCountry "MNC"]
[SourceTitle "playchess.com"]
[Source "ChessBase"]
[SourceQuality "1"]
[TimeControl "5400+30"]

1. e4 {[%emt 1:15:12]} c5 {[%emt 1:15:11]} 2. Nc3 {[%emt 0:00:22]} e6 {[%emt 0:00:21]} 3. Nge2 {[%emt 0:00:27]} Nc6 {[%emt 0:00:30]} 4. d4 {[%emt 0:00:25]} cxd4 {[%emt 0:00:21]} 5. Nxd4 {[%emt 0:00:22]} Qc7 {[%emt 0:00:27]} 6. Be3 {[%emt 0:01:12]} a6 {[%emt 0:00:22]} 7. a3 {[%emt 0:00:28]} b5 {[%emt 0:00:31]} 8. Nxc6 {[%emt 0:00:30]} Qxc6 {[%emt 0:00:28]} 9. Be2 {[%emt 0:00:36]} Bb7 {[%emt 0:00:31]} 10. O-O {[%emt 0:00:41]} Ne7 {[%emt 0:00:40]} 11. Qd2 {[%emt 0:00:56]} Nf5 {[%emt 0:01:00]} 12. Bf4 {[%emt 0:00:33]} Bc5 {[%emt 0:00:58]} 13. Rfd1 {[%emt 0:00:37]} Nd4 {[%emt 0:01:36]} 14. Bf1 {[%emt 0:00:28]} d6 {[%emt 0:01:05]} 15. Be3 {[%emt 0:02:39]} e5 {[%emt 0:00:37]} 16. Nd5 {[%emt 0:01:17]} Qd7 {[%emt 0:01:16]} 17. Bxd4 {[%emt 0:03:14]} Bxd4 {[%emt 0:00:28]} 18. c3 {[%emt 0:00:39]} Ba7 {[%emt 0:02:48]} 19. Qg5 {[%emt 0:00:27]} Kf8 {[%emt 0:00:51]} 20. Rd3 {[%emt 0:00:33]} h6 {[%emt 0:00:40]} 21. Qh5 {[%emt 0:01:08]} Rd8 {[%emt 0:01:02]} 22. Rad1 {[%emt 0:00:35]} g6 {[%emt 0:01:38]} 23. Qh4 {[%emt 0:01:04]} Bxd5 {[%emt 0:00:37]} 24. Qf6 {[%emt 0:02:48]} Rg8 {[%emt 0:00:31]} 25. Rxd5 {[%emt 0:00:27]} Bb8 {[%emt 0:00:26]} 26. Qxe5 {[%emt 0:00:47]} Qe7 {[%emt 0:01:57]} 27. Qxe7+ {[%emt 0:01:30]} Kxe7 {[%emt 0:00:22]} 28. c4 {[%emt 0:00:22]} bxc4 {[%emt 0:03:06]} 29. Bxc4 {[%emt 0:00:21]} Rc8 {[%emt 0:00:21]} 30. Bxa6 {[%emt 0:00:23]} Rc2 {[%emt 0:00:22]} 31. R5d2 {[%emt 0:00:30]} Rxd2 {[%emt 0:00:28]} 32. Rxd2 {[%emt 0:00:21]} Ba7 {[%emt 0:00:25]} 33. Rc2 {[%emt 0:01:00]} Bd4 {[%emt 0:01:30]} 34. Rc7+ {[%emt 0:00:46]} Kf6 {[%emt 0:00:22]} 35. b4 {[%emt 0:02:00]} Re8 {[%emt 0:00:29]} 36. Bb7 {[%emt 0:00:41]} Re7 {[%emt 0:01:06]} 37. Rxe7 {[%emt 0:00:24]} Kxe7 {[%emt 0:00:21]} 38. Kf1 {[%emt 0:00:54]} h5 {[%emt 0:01:01]} 39. a4 {[%emt 0:00:31]} Bc3 {[%emt 0:00:35]} 40. b5 {[%emt 0:00:21]} g5 {[%emt 0:00:36]} 41. f3 {[%emt 0:00:27]} h4 {[%emt 0:00:51]} 42. g3 {[%emt 0:00:48]} hxg3 {[%emt 0:00:25]} 43. hxg3 {[%emt 0:00:22]} Ba5 {[%emt 0:00:57]} 44. Ke2 {[%emt 0:00:26]} Kd7 {[%emt 0:00:56]} 45. Bd5 {[%emt 0:00:25]} f6 {[%emt 0:00:21]} 46. Kd3 {[%emt 0:01:03]} Kc7 {[%emt 0:00:40]} 47. Bc6 {[%emt 0:01:04]} Be1 {[%emt 0:00:38]} 48. g4 {[%emt 0:00:28]} Ba5 {[%emt 0:00:35]} 49. Kc4 {[%emt 0:00:21]} Be1 {[%emt 0:00:29]} 50. Kd5 {[%emt 0:00:28]} Bc3 {[%emt 0:00:43]} 51. Ke6 {[%emt 0:00:23]} Kb6 {[%emt 0:00:45]} 52. Kxd6 {[%emt 0:00:23]} Be5+ {[%emt 0:00:21]} 53. Ke6 {[%emt 0:00:28]} Bc3 {[%emt 0:00:41]} 54. Bd5 {[%emt 0:00:30]} Be5 {[%emt 0:00:25]} 55. Bc6 {[%emt 0:00:33]} Bc3 {[%emt 0:00:21]} 56. Kd5 {[%emt 0:00:23]} Be5 {[%emt 0:00:31]} 57. Be8 {[%emt 0:00:23]} Bb2 {[%emt 0:00:31]} 58. Ke6 {[%emt 0:00:25]} Bc3 {[%emt 0:00:23]} 59. Kf5 {[%emt 0:00:23]} Bd4 {[%emt 0:00:48]} 60. f4 {[%emt 0:00:37]} gxf4 {[%emt 0:00:27]} 61. Kxf4 {[%emt 0:00:22]} Bc3 {[%emt 0:00:33]} 62. Kf5 {[%emt 0:00:58]} Kc5 {[%emt 0:00:27]} 63. g5 {[%emt 0:00:24]} fxg5 {[%emt 0:00:25]} 64. Kxg5 {[%emt 0:00:22]} Kd6 {[%emt 0:00:28]} 65. Kf5 {[%emt 0:00:23]} Ba5 {[%emt 0:00:28]} 66. e5+ {[%emt 0:00:23]} Ke7 {[%emt 0:00:26]} 67. Bc6 {[%emt 0:00:21]} Bb6 {[%emt 0:00:25]} 68. Ke4 {[%emt 0:00:26]} Ke6 {[%emt 0:00:24]} 69. Bd5+ {[%emt 0:00:21]} Ke7 {[%emt 0:00:21]} 70. Bc4 {[%emt 0:00:26]} Kd7 {[%emt 0:00:35]} 71. Kd5 {[%emt 0:00:23]} Ba5 {[%emt 0:00:20]} 72. Be2 {[%emt 0:00:27]} Bc7 {[%emt 0:00:37]} 73. Bg4+ {[%emt 0:00:24]} Ke7 {[%emt 0:00:21]} 74. e6 {[%emt 0:00:28]} 1-0